|
|
|
|
| LEADER |
00000nam a2200000 i 4500 |
| 001 |
1/71291 |
| 008 |
080118s2005 eng d |
| 020 |
|
|
|a 0-387-22925-6
|
| 020 |
|
|
|a 0-387-22926-4
|
| 035 |
|
|
|l 10093865
|
| 040 |
|
|
|a GR-MY-UA
|b gre
|e aacr
|
| 041 |
0 |
|
|a eng
|
| 082 |
0 |
|
|a 510
|2 (22)
|
| 100 |
1 |
|
|a Lax, Peter D.
|
| 245 |
1 |
0 |
|a Selected papers /
|c Peter Lax ; edited by Peter Sarnak and Andrew Majda
|
| 260 |
|
|
|a New York :
|b Springer,
|c c2005
|
| 300 |
|
|
|a 2 τ.;
|b εικ.;
|c 24 εκ.
|
| 504 |
|
|
|a Περιέχει βιβλιογραφικές παραπομπές
|
| 650 |
0 |
0 |
|a Mathematics.
|
| 650 |
0 |
0 |
|a Mathematics
|z United States.
|
| 700 |
1 |
|
|a Sarnak, Peter.
|4 edt
|
| 700 |
1 |
|
|a Majda, Andrew
|d 1949-
|4 edt
|
| 852 |
|
|
|a INST
|b SAMOS
|e 20080220
|h 510 LAX
|p 005300026790
|q 005300026790
|t BK
|y 0
|z τ.1
|
| 852 |
|
|
|a INST
|b SAMOS
|e 20080118
|h 510 LAX
|p 005300027261
|q 005300027261
|t BK
|y 0
|z τ.2
|
| 852 |
|
|
|a INST
|b SAMOS
|e 20080220
|h 510 LAX
|p 005300026790
|q 005300026790
|t BK
|v τ.1:
|y 0
|z τ.1
|
| 852 |
|
|
|a INST
|b SAMOS
|e 20080118
|h 510 LAX
|p 005300027261
|q 005300027261
|t BK
|v τ.2:
|y 0
|z τ.2
|
| 853 |
|
|
|a INST
|b SAMOS
|h 510 LAX
|
| 901 |
|
|
|a BIBL3-2008-1
|
| 909 |
|
|
|a Σ
|b 142301
|
| 909 |
|
|
|a Σ
|b 143502
|
| 922 |
|
|
|a 3ΕΛΗ
|b 200712
|c ΕΠΕΑΕΚ2/ΤΜΗΜΑ ΜΑΘΗΜΑΤΙΚΩΝ
|d ΕΛΕΥΘΕΡΟΥΔΑΚΗΣ
|
| 970 |
|
|
|a ΡΟΥΣΣΟΥ
|b ΚΩΝΣΤΑΝΤΙΝΑ
|z 2008/01/18
|